Every WWE Grandslam Champion - Statistics

General Stats
  • This quiz has been taken 95 times
    35 since last reset
  • The average score is 22 of 31
Answer Stats
Debut Year Division Answer % Correct
2012 Womens Charlotte Flair
93%
2002 Mens John Cena
93%
2014 Womens Becky Lynch
89%
2002 Mens Randy Orton
85%
2006 Mens The Miz
81%
2001 Mens Booker T
78%
1999 Mens Chris Jericho
78%
2012 Mens Dean Ambrose
78%
1997 Mens Kane
78%
2012 Mens Roman Reigns
78%
2012 Womens Sasha Banks
78%
2012 Mens Seth Rollins
78%
1988 Mens Shawn Michaels
78%
1995 Mens Triple H
78%
2008 Mens Kofi Kingston
74%
2016 Mens AJ Styles
70%
2015 Womens Asuka
70%
2012 Womens Bayley
70%
1999 Mens Big Show
70%
1998 Mens Edge
70%
2002 Mens Rey Mysterio
70%
2018 Womens Rhea Ripley
70%
2000 Mens Eddie Guerrero
59%
2014 Mens Finn Balor
59%
1999 Mens Kurt Angle
59%
1994 Mens Jeff Hardy
52%
1998 Mens Christian
48%
2014 Mens Kevin Owens
48%
1995 Mens John Bradshaw Layfield
44%
2010 Mens Daniel Bryan
41%
2001 Mens Rob Van Dam
37%
No matching quizzes found
Score Distribution
Percent of People with Each Score
Percentile by Number Answered
Your Score History
You have not taken this quiz since the last reset